| 000 | 01316cam a22004334i 4500 | ||
|---|---|---|---|
| 003 | PE-LiUPU | ||
| 005 | 20250813090951.0 | ||
| 008 | 150706s2013 sp r 000 0 spa d | ||
| 020 | _a9788482679273 | ||
| 035 | _a(Sirsi) i9788482679273 | ||
| 040 |
_aPE-LiUPU _bspa _cPE-LiUPU _erda |
||
| 049 | _aPRUA | ||
| 082 | 0 | 4 |
_a220.3 _bG748 _221 |
| 245 | 0 | 0 |
_aGran diccionario enciclopédico de la Biblia / _cAlfonso Ropero Berzosa. |
| 264 | 1 |
_aEspaña : _bClie, _c2013. |
|
| 300 |
_a2673 páginas ; _c27 centímetros |
||
| 336 |
_atext _2rdacontent |
||
| 337 |
_aunmediated _2rdamedia |
||
| 338 |
_avolume _2rdacarrier |
||
| 505 | 0 | _aAbreviaturas -- Lista de colaboradores -- Artículos. | |
| 526 | _aSEG42 | ||
| 526 | _aSEG41 | ||
| 526 | _aSEG40 | ||
| 526 | _aSEG39 | ||
| 526 | _aP94 | ||
| 526 | _aP87 | ||
| 526 | _aP86 | ||
| 526 | _aP85 | ||
| 526 | _aP77 | ||
| 526 | _aP76 | ||
| 526 | _aP35 | ||
| 630 | 1 | 4 |
_aBiblia _vDiccionarios. _95969 |
| 700 | 1 |
_aRopero Berzosa, Alfonso, _eeditor. |
|
| 910 | _agl | ||
| 942 |
_2ddc _cBK |
||
| 949 |
_a220.3 G7 _wDEWEY _c1 _i68470 _lCCODEBUL1 _mBUL _p100.00 _r0 _sY _tBOOK _u2015-7-6 _xTEOLOGIA _o.STAFF. Colección General |
||
| 980 |
_818226 _gJaime Vilcazán Jefe de Análisis Documental |
||
| 999 |
_c55853 _d55853 |
||